Dankworte des Kulturpreisträgers Klaus Granzow

Titel: Dankworte des Kulturpreisträgers Klaus Granzow / Klaus Granzow
Verfasser:
In: Pommern, Band 14, Heft 2 (1976), Seite 11
alle Artikel anzeigen
Veröffentlicht: 1976
Format: Aufsatz
Sprache: Deutsch
Schlagworte:
Kein Bild verfügbar
X
alg: 43255520
001A    $03025:13-06-18 
001B    $01999:13-06-18 $t22:45:15.000 
001C    $03025:13-06-18 $t16:05:11.000 
001D    $03025:13-06-18 
001U    $0utf8 
001X    $00 
002@    $0Aou 
002C    $aText $btxt $2rdacontent 
002D    $aohne Hilfsmittel zu benutzen $bn $2rdamedia 
002E    $aBand $bnc $2rdacarrier 
003@    $043255520X 
007A    $043255520X $aHEB 
010@    $ager 
010E    $erda 
011@    $a1976 
021A    $aDankworte des Kulturpreisträgers Klaus Granzow $hKlaus Granzow 
028A    $BVerfasser $#Grancov, Klaus $#Granzow, Klaus Krischan $4aut $7124321178 $8Granzow, Klaus$Z1927-1986 [Tp1] $9108977161 
031A    $d14 $e2 $h11 $j1976 
039B    $aEnthalten in $8--Abvc--. Pommern. - Greifswald : Pommersche Stiftung für historische Bildung, 1967-. - ISSN 0032-4167 $x197600000140002989 $9048244473 
044K    $#Grancov, Klaus $#Granzow, Klaus Krischan $7124321178 $8Granzow, Klaus$Z1927-1986 [Tp1] $9108977161 
044K    $RPreis $#Literary prizes $#Art Awards $#Music Awards $#Prix littéraires $#Art Prix et récompenses $#Musique Prix et récompenses $#Kultur Preis Auszeichnung $#Kulturpreise $74136844-7 $8Kulturpreis [Ts1] $9085510432 
044K    $RDankbarkeit $#Danksagung $74210238-8 $8Dank [Ts1] $9086078623 
045T    $a7,41 $a8,1 

lok: 43255520 78

exp: 43255520 78 1 #EPN
201B/01 $013-06-18 $t16:04:26.000 
201C/01 $013-06-18 
201U/01 $0utf8 
203@/01 $01023542552 
208@/01 $a13-06-18 $be 
209A/01 $a/ $f000 $x00 
209A/01 $ab*p $x01 
220C/01 $awma 
244Z/01 $#Pommern $#Pommern $#Herzogtum Pommern $#Herzogthum Pommern $#Provinz Pommern $#Pomorze $74046744-2 $8--Tg1--Pommern $x06 $9085130354 
247C/01 $82080>Marburg/Lahn, Herder-Institut, Forschungsbibliothek, Bibliographieportal $9336309341
LEADER 00000caa a2200000 c 4500
001 43255520X
003 DE-603
005 20180613224515.0
007 tu
008 180613s1976 xx |||| | u00||u|ger c
035 |a (DE-599)HEB43255520X 
040 |a DE-603  |b ger  |c DE-603  |d DE-603  |e rda 
041 |a ger 
084 |a 7,41  |a 8,1  |2 ssgn 
100 1 |a Granzow, Klaus  |d 1927-1986  |e Verfasser  |4 aut  |0 (DE-603)108977161  |0 (DE-588)124321178  |2 gnd 
245 0 0 |a Dankworte des Kulturpreisträgers Klaus Granzow  |c Klaus Granzow 
264 0 |c 1976 
336 |a Text  |b txt  |2 rdacontent 
337 |a ohne Hilfsmittel zu benutzen  |b n  |2 rdamedia 
338 |a Band  |b nc  |2 rdacarrier 
600 1 7 |a Granzow, Klaus  |d 1927-1986  |0 (DE-588)124321178  |0 (DE-603)108977161  |2 gnd 
650 7 |a Kulturpreis  |0 (DE-588)4136844-7  |0 (DE-603)085510432  |2 gnd 
650 7 |a Dank  |0 (DE-588)4210238-8  |0 (DE-603)086078623  |2 gnd 
773 0 8 |i Enthalten in  |t Pommern  |d Greifswald : Pommersche Stiftung für historische Bildung, 1967-  |h 30 cm  |x 0032-4167  |g Band 14, Heft 2 (1976), Seite 11  |w (DE-603)048244473  |w (DE-600)958645-3 
924 0 |9 2080  |a (DE-603)1023542552  |b DE-2080  |c HES  |d d  |g /